Sports Quiz

Random Sports or NHL Quiz

1999 NHL Draft 1st round Quiz Stats

 Plays Quiz not verified by Sporcle

Score 0/28 Timer 08:00
0 Plays Today
Overall Player % Correct
2ndDaniel Sedin
96.9%
3rdHenrik Sedin
96.9%
1stPatrik Stefan
80.7%
4thPavel Brendl
39%
26thMartin Havlat
30.7%
5thTim Connolly
25.7%
8thTaylor Pyatt
21.1%
9thJamie Lundmark
19.3%
6thBrian Finley
15.2%
7thKris Beech
14.8%
17thBarret Jackman
14.2%
27thAri Ahonen
13.1%
10thBranizlav Mezei
12.6%
21stNick Boynton
12%
Overall Player % Correct
11thOleg Saprykin
11.5%
13thJani Rita
10.5%
24thLuca Cereda
9.5%
16thDavid Tanabe
8.8%
14thJeff Jillson
8.7%
22ndMaxime Ouellet
8.3%
18thKonstantin Koltsov
8.2%
28thKristian Kudroc
8.2%
15thScott Kelman
7.6%
23rdSteve McCarthy
7.2%
12thDenis Shvidki
7%
20thBarrett Heisten
5.3%
25thMikhail Kuleshov
4.9%
19thKirill Safronov
4.5%

You're not logged in!

Compare scores with friends on all Sporcle quizzes.
OR
Log In

Sporcle TV

Today on Sporcle TV


Watch our educational content, quiz creation guides, and fun videos on Sporcle TV.

Show Comments

Extras

Top Quizzes Today


Score Distribution

Your Account Isn't Verified!

In order to create a playlist on Sporcle, you need to verify the email address you used during registration. Go to your Sporcle Settings to finish the process.

Report this User

Report this user for behavior that violates our Community Guidelines.

Details: